000 00478nam a22001697a 4500
005 20251212121341.0
008 251212b |||||||| |||| 00| 0 eng d
040 _aMAIN
082 _a759.954
_bM661H
100 _aMinakshi
245 _aHaryana mein Rohtak evam Jhajjar ke bhitti-chitron ka kalatmak adhyayan
260 _bDepartment of Visual Arts, M D University, Rohtak
_c2022
300 _ax, 204
650 _aVisual Art
700 _aHooda, Meenakshi
942 _cTH
999 _c395165
_d395165